000 00732nam a22002177a 4500
003 OSt
005 20251205073507.0
008 251205b |||||||| |||| 00| 0 eng d
020 _a0-7216-999714371-X.
040 _aDWCL-Main lib
_cOC
082 _23rd ed.
_aCirc. 610.73 Ig24m 1999
100 _aIgnativicius, Donna D.
245 _aMedical surgical nursing across the healthcare continuum vol. 2
_cIgnativicius, Donna D.
260 _aPhiladelphia :
_bW. B. Saunders Company,
_cc1999.
300 _axxxii, (various paging) :
_bcolored illustration ;
_c28 cm.
650 _21. Nursing.
650 _22. Surgical nursing.
700 _aWorkman, N. Linda
700 _aMishler, Mary A.
942 _2ddc
_cBK-CIRC
_e3rd ed.
_kCirc.
_n0
999 _c6954
_d6954